000 01185nam a22002897a 4500
005 20170504102536.0
010 _a1617EN ENG-115143
020 _a9789385288838
_c499.00
035 _aB-651795-807
035 _aB-666210
035 _aEN-98675
037 _bPragati
_adpl
037 _bDBAD/PUB
082 _a363.8
100 _aBourne , Joel K.
245 _aThe end of plenty :
_bthe race to feed a crowded world /
_cby Joel K. Bourne
260 _aNew Delhi
_bSpeaking Tiger
_c2016
270 _a4381/4 Ansari Road, Daryaganj,
_bNew Delhi
_e110002
300 _a408p. :
_bill.
_c24cm(pbk)
500 _aIncludes bibliographical references and index
650 _aFood supply
_xForecasting.
650 _aFood consumption forecasting.
650 _aFood security.
942 _2ddc
_cEN
_mBOU
_h363.8
999 _c100061
_d100061